[Event "14. Open de la Constitución 2013"]
[Site "San Sebastian de los Reyes ES"]
[Date "2013.12.03"]
[Round "4.20"]
[White "Sebastian Enesco, Alex"]
[Black "Anton Quevedo, Andrea"]
[Result "1-0"]
[WhiteElo "1775"]
[BlackElo "1504"]
[PlyCount "105"]
[EventDate "2013.11.30"]
[EventType "swiss"]
[EventRounds "9"]
[EventCountry "ESP"]
[Source "lmi"]
[SourceDate "2013.11.30"]

1. e4 c5 2. Nf3 d6 3. d4 cxd4 4. Nxd4 Nf6 5. Nc3 Nc6 6. Bb5 Bd7 7. Be3 e5 8.
Nxc6 Bxc6 9. O-O Bxb5 10. Nxb5 Nxe4 11. Qd5 Qd7 12. Nxa7 Nc5 13. Bxc5 dxc5 14.
Qxe5+ Be7 15. Rad1 Qe6 16. Qxe6 fxe6 17. Nb5 Rxa2 18. Rb1 Bf6 19. Rfd1 Ke7 20.
c3 Rd8 21. Rxd8 Kxd8 22. Kf1 Kd7 23. Rd1+ Kc6 24. c4 Be5 25. b3 Rb2 26. Rd3 Bd4
27. Nxd4+ cxd4 28. Rxd4 Rxb3 29. h4 Rc3 30. h5 e5 31. Rg4 Rc1+ 32. Ke2 Rh1 33.
Rg5 Kc5 34. Rxg7 Rxh5 35. Rxb7 Kxc4 36. Rd7 Rh2 37. Kf3 Rh5 38. Ke4 Rh2 39.
Rc7+ Kb5 40. Kxe5 Rxg2 41. f4 Re2+ 42. Kf6 Rf2 43. f5 h5 44. Rh7 Kc5 45. Rxh5
Kd6 46. Kf7 Kd7 47. f6 Kd6 48. Rh6 Rg2 49. Kf8 Kd7 50. f7 Rg3 51. Rh7 Rg4 52.
Rg7 Rf4 53. Kg8 1-0

[Event "14. Open de la Constitución 2013"]
[Site "San Sebastian de los Reyes ES"]
[Date "2013.12.03"]
[Round "4.21"]
[White "Benito Mellado, Humberto"]
[Black "Hernandez Ramos, David"]
[Result "0-1"]
[WhiteElo "1542"]
[BlackElo "1753"]
[PlyCount "42"]
[EventDate "2013.11.30"]
[EventType "swiss"]
[EventRounds "9"]
[EventCountry "ESP"]
[Source "lmi"]
[SourceDate "2013.11.30"]

1. d4 Nf6 2. c4 g6 3. g3 Bg7 4. Bg2 d5 5. cxd5 Nxd5 6. Nc3 Nxc3 7. bxc3 O-O 8.
e4 c5 9. Ne2 cxd4 10. cxd4 Nc6 11. Bb2 Qb6 12. Qd2 Rd8 13. O-O-O Na5 14. Qc2
Bd7 15. Kb1 Rac8 16. Qd3 Bb5 17. Qd2 Nc4 18. Qb4 Nxb2 19. Qxb2 Bxe2 20. Qxb6
axb6 21. Rd2 Rxd4 0-1

[Event "14. Open de la Constitución 2013"]
[Site "San Sebastian de los Reyes ES"]
[Date "2013.12.03"]
[Round "4.22"]
[White "Tronch Ilzarbe, Carlos Maria"]
[Black "Hernandez Ramos, Alberto"]
[Result "1-0"]
[WhiteElo "1753"]
[BlackElo "1457"]
[PlyCount "85"]
[EventDate "2013.11.30"]
[EventType "swiss"]
[EventRounds "9"]
[EventCountry "ESP"]
[Source "lmi"]
[SourceDate "2013.11.30"]

1. d4 Nf6 2. Nf3 g6 3. Bf4 Bg7 4. e3 c6 5. Bd3 Qb6 6. Qc1 Nd5 7. Be5 f6 8. Bg3
Nb4 9. O-O Nxd3 10. cxd3 d5 11. h3 Bf5 12. Rd1 Nd7 13. Nc3 e5 14. dxe5 Nxe5 15.
Nxe5 fxe5 16. e4 Be6 17. Na4 Qc7 18. Nc5 Bf7 19. Qg5 O-O 20. d4 h6 21. Qg4 Qe7
22. exd5 exd4 23. d6 Qd8 24. Ne6 Bxe6 25. Qxe6+ Kh7 26. Re1 Qe8 27. Qc4 Qf7 28.
Qd3 Rae8 29. f3 Qd5 30. Re4 Qg5 31. Bh4 Qd5 32. Be7 Rf7 33. a3 c5 34. Rg4 Qe6
35. Qb5 Rb8 36. Re4 Be5 37. Rae1 Rf5 38. f4 a6 39. Qb6 Qd7 40. fxe5 d3 41. e6
Qe8 42. Qc7 Rd5 43. Bf8+ 1-0

[Event "14. Open de la Constitución 2013"]
[Site "San Sebastian de los Reyes ES"]
[Date "2013.12.03"]
[Round "4.23"]
[White "Navarro Rodriguez, Jesus"]
[Black "Hidalgo Prado, David"]
[Result "1-0"]
[WhiteElo "1664"]
[BlackElo "1455"]
[PlyCount "39"]
[EventDate "2013.11.30"]
[EventType "swiss"]
[EventRounds "9"]
[EventCountry "ESP"]
[Source "lmi"]
[SourceDate "2013.11.30"]

1. e4 e6 2. Nf3 Nf6 3. e5 Nd5 4. d4 d6 5. Bd3 Nd7 6. O-O dxe5 7. dxe5 Be7 8.
Be4 c6 9. c4 Nc7 10. Qc2 f5 11. exf6 Nxf6 12. Nc3 O-O 13. Be3 Nxe4 14. Nxe4 Ne8
15. Rad1 Qc7 16. Rfe1 Bb4 17. Neg5 Rf5 18. Bd2 Bxd2 19. Rxd2 Qe7 20. Qxf5 1-0

[Event "14. Open de la Constitución 2013"]
[Site "San Sebastian de los Reyes ES"]
[Date "2013.12.03"]
[Round "4.24"]
[White "Infante Martin, Alonso"]
[Black "Soto Martin, Miguel"]
[Result "0-1"]
[WhiteElo "1498"]
[BlackElo "1637"]
[PlyCount "78"]
[EventDate "2013.11.30"]
[EventType "swiss"]
[EventRounds "9"]
[EventCountry "ESP"]
[Source "lmi"]
[SourceDate "2013.11.30"]

1. d4 Nf6 2. c4 g6 3. Nc3 Bg7 4. f3 d6 5. e4 O-O 6. Be3 e5 7. d5 c6 8. Qd2 cxd5
9. cxd5 a6 10. Bd3 Nbd7 11. Nge2 Qe7 12. Rc1 h5 13. h3 Nh7 14. h4 Bf6 15. g3
Qd8 16. f4 Re8 17. Ng1 exf4 18. Bxf4 Ne5 19. Be2 Bg4 20. Nd1 Bxe2 21. Qxe2 Qa5+
22. Nc3 Rac8 23. Bd2 Nc4 24. Rc2 Nxd2 25. Qxd2 Bxc3 26. Rxc3 Rxc3 27. bxc3
Rxe4+ 28. Ne2 Nf6 29. Kf2 Qxd5 30. Qxd5 Nxd5 31. Rd1 Rxe2+ 32. Kf3 Nxc3 33. Rd3
Rc2 34. Rxd6 Rxa2 35. Rb6 a5 36. Rxb7 a4 37. Ra7 a3 38. Ra5 Ra1 39. Ke3 a2 0-1

[Event "14. Open de la Constitución 2013"]
[Site "San Sebastian de los Reyes ES"]
[Date "2013.12.03"]
[Round "4.25"]
[White "Martin Rodriguez, Jose Luis"]
[Black "Garcia Lopez, Fernando"]
[Result "0-1"]
[WhiteElo "1443"]
[BlackElo "1626"]
[PlyCount "96"]
[EventDate "2013.11.30"]
[EventType "swiss"]
[EventRounds "9"]
[EventCountry "ESP"]
[Source "lmi"]
[SourceDate "2013.11.30"]

1. e4 e5 2. Nf3 Nc6 3. d4 exd4 4. Nxd4 Nf6 5. Nxc6 bxc6 6. Bd3 Bc5 7. Bg5 h6 8.
Bh4 g5 9. Bg3 Rb8 10. b3 d6 11. h3 Be6 12. Nd2 Bd4 13. Rb1 Be5 14. Bxe5 dxe5
15. Qe2 Qd6 16. c3 Rd8 17. Rd1 Qxd3 18. Nf3 Qxe2+ 19. Kxe2 Rxd1 20. Kxd1 Nd7
21. Ke2 f6 22. Ke3 Ke7 23. Rd1 Rd8 24. c4 Nf8 25. Rxd8 Kxd8 26. h4 Ng6 27. hxg5
hxg5 28. g3 Kd7 29. Ne1 Kd6 30. Nd3 c5 31. Kf3 a5 32. Ke3 Ne7 33. Kd2 Nc6 34.
Nb2 Nd4 35. Na4 Nf3+ 36. Ke3 g4 37. Nc3 c6 38. Nb1 Bf7 39. Nd2 Nd4 40. Kd3 Ne6
41. Ke3 Ng5 42. f4 gxf3 43. Nxf3 Nxf3 44. Kxf3 Bg6 45. g4 Kc7 46. Ke3 Kb6 47.
Kf3 a4 48. g5 fxg5 0-1

[Event "14. Open de la Constitución 2013"]
[Site "San Sebastian de los Reyes ES"]
[Date "2013.12.04"]
[Round "5.2"]
[White "Hernando Pertierra, Jose C"]
[Black "Quevedo Marin, Manuel"]
[Result "1/2-1/2"]
[WhiteElo "2379"]
[BlackElo "2167"]
[PlyCount "100"]
[EventDate "2013.11.30"]
[EventType "swiss"]
[EventRounds "9"]
[EventCountry "ESP"]
[Source "lmi"]
[SourceDate "2013.11.30"]

1. Nf3 Nf6 2. g3 g6 3. b3 Bg7 4. Bb2 O-O 5. Bg2 c5 6. c4 d6 7. O-O e5 8. d3 Nc6
9. Nc3 h6 10. Ne1 Be6 11. Nd5 Rb8 12. e3 Ne7 13. e4 Nc6 14. Nc2 Bd7 15. Qd2
Nxd5 16. cxd5 Nd4 17. f4 h5 18. Rae1 Nxc2 19. Qxc2 Qe7 20. Rf2 f6 21. Bc3 g5
22. Qe2 h4 23. f5 hxg3 24. hxg3 Be8 25. Bf3 Bf7 26. Rh2 Rfc8 27. Kg2 Kf8 28.
Reh1 Ke8 29. Bh5 Kd7 30. Bxf7 Qxf7 31. b4 b6 32. Rh7 Ke7 33. bxc5 bxc5 34. R1h6
Rh8 35. Rxh8 Rxh8 36. Rxh8 Bxh8 37. Qd1 Bg7 38. Kh3 Qe8 39. Kg4 Qb5 40. a4 Qb8
41. Qc2 Kf7 42. Ba5 Qb7 43. Bc3 Qb8 44. Qb2 Qxb2 45. Bxb2 Bf8 46. Bc3 Be7 47.
Ba5 Kg7 48. Bc7 Kh7 49. Bb8 a6 50. Bc7 Kg7 1/2-1/2

[Event "14. Open de la Constitución 2013"]
[Site "San Sebastian de los Reyes ES"]
[Date "2013.12.04"]
[Round "5.3"]
[White "Valles Moreno, Ivan"]
[Black "Lopez De Turiso, Jose Angel"]
[Result "1-0"]
[WhiteElo "2373"]
[BlackElo "2123"]
[PlyCount "53"]
[EventDate "2013.11.30"]
[EventType "swiss"]
[EventRounds "9"]
[EventCountry "ESP"]
[Source "lmi"]
[SourceDate "2013.11.30"]

1. e4 c5 2. Nf3 Nc6 3. Nc3 Nf6 4. Bb5 Qc7 5. O-O Nd4 6. Re1 Nxb5 7. Nxb5 Qc6 8.
a4 b6 9. d4 a6 10. d5 Qb7 11. Nc3 e6 12. Bg5 h6 13. Bh4 Be7 14. d6 Bd8 15. e5
Nd5 16. Bxd8 Nxc3 17. bxc3 Kxd8 18. Qd2 Ke8 19. Qf4 Kf8 20. Re3 Kg8 21. Qh4 Qc6
22. Qd8+ Kh7 23. Ng5+ hxg5 24. Rh3+ Kg6 25. Qxh8 f6 26. Re1 Bb7 27. Qh5+ 1-0

[Event "14. Open de la Constitución 2013"]
[Site "San Sebastian de los Reyes ES"]
[Date "2013.12.04"]
[Round "5.4"]
[White "Cabañas Bravo, Juan Andres"]
[Black "Rubio Mejia, Luis Ignacio"]
[Result "0-1"]
[WhiteElo "2089"]
[BlackElo "2452"]
[PlyCount "52"]
[EventDate "2013.11.30"]
[EventType "swiss"]
[EventRounds "9"]
[EventCountry "ESP"]
[Source "lmi"]
[SourceDate "2013.11.30"]

1. e4 c5 2. Nf3 d6 3. d4 cxd4 4. Nxd4 Nf6 5. Nc3 a6 6. Bg5 Nbd7 7. f4 Qc7 8.
Qf3 h6 9. Bh4 g5 10. fxg5 hxg5 11. Bg3 Ne5 12. Bxe5 dxe5 13. Nf5 g4 14. Qf2 e6
15. Ne3 Rh6 16. Be2 Bb4 17. Ned1 Nxe4 18. Qe3 Nxc3 19. Qxh6 Nxe2+ 20. Kxe2
Qxc2+ 21. Kf1 Bd7 22. h4 Bb5+ 23. Kg1 Bc5+ 24. Kh2 Bc6 25. Nf2 Qxf2 26. Rhg1
Qf4+ 0-1

[Event "14. Open de la Constitución 2013"]
[Site "San Sebastian de los Reyes ES"]
[Date "2013.12.04"]
[Round "5.5"]
[White "Adan Bermudez, Sergio"]
[Black "Gonzalez Mateos, Rafael"]
[Result "1-0"]
[WhiteElo "2312"]
[BlackElo "2010"]
[PlyCount "99"]
[EventDate "2013.11.30"]
[EventType "swiss"]
[EventRounds "9"]
[EventCountry "ESP"]
[Source "lmi"]
[SourceDate "2013.11.30"]

1. c4 e5 2. Nc3 f5 3. g3 Nf6 4. Bg2 d6 5. d3 c6 6. e4 Be7 7. Nge2 O-O 8. O-O
Be6 9. exf5 Bxf5 10. d4 Qc7 11. h3 Nbd7 12. g4 Bg6 13. f4 h6 14. Be3 Rae8 15.
f5 Bf7 16. d5 c5 17. Ng3 a6 18. Bf2 Rb8 19. a4 b6 20. h4 Nh7 21. Nge4 Ndf6 22.
Nd2 Qd8 23. Bh3 Ne8 24. Nf3 Nc7 25. Ne4 b5 26. axb5 axb5 27. b3 bxc4 28. bxc4
Nf6 29. Nc3 Nfe8 30. Kh1 Rb4 31. Ra4 Rxa4 32. Qxa4 Nf6 33. Qd1 e4 34. Nd2 e3
35. Bxe3 Nd7 36. Nce4 Nxd5 37. cxd5 Bxd5 38. Bg2 Bxh4 39. Nxd6 Bxg2+ 40. Kxg2
Ne5 41. Bxc5 Qa8+ 42. Kh3 Be7 43. Re1 Bf6 44. N2e4 Be7 45. Qb3+ Kh7 46. g5 Bxd6
47. Bxd6 Rxf5 48. Bxe5 Qa5 49. g6+ Kxg6 50. Qe6+ 1-0

[Event "14. Open de la Constitución 2013"]
[Site "San Sebastian de los Reyes ES"]
[Date "2013.12.04"]
[Round "5.6"]
[White "Castejon Caballero, Andres"]
[Black "Castejon Caballero, Natalia"]
[Result "1/2-1/2"]
[WhiteElo "2121"]
[BlackElo "2011"]
[PlyCount "32"]
[EventDate "2013.11.30"]
[EventType "swiss"]
[EventRounds "9"]
[EventCountry "ESP"]
[Source "lmi"]
[SourceDate "2013.11.30"]

1. e4 c5 2. Nf3 d6 3. Bb5+ Bd7 4. Bxd7+ Qxd7 5. c4 e5 6. Nc3 g6 7. a3 Nc6 8. d3
Bg7 9. Nd5 Nge7 10. Bh6 O-O 11. Qd2 f5 12. h3 f4 13. Bxg7 Kxg7 14. Nxe7 Qxe7
15. b4 b6 16. b5 Nd8 1/2-1/2

[Event "14. Open de la Constitución 2013"]
[Site "San Sebastian de los Reyes ES"]
[Date "2013.12.04"]
[Round "5.7"]
[White "Marcos Herrero, Francisco"]
[Black "Alvarez Abejon, Amilcar"]
[Result "0-1"]
[WhiteElo "1939"]
[BlackElo "2081"]
[PlyCount "46"]
[EventDate "2013.11.30"]
[EventType "swiss"]
[EventRounds "9"]
[EventCountry "ESP"]
[Source "lmi"]
[SourceDate "2013.11.30"]

1. d4 e6 2. c4 f5 3. Nf3 Nf6 4. g3 Be7 5. Bg2 O-O 6. Nc3 d6 7. O-O Ne4 8. Qc2
Nxc3 9. bxc3 Nc6 10. Rd1 Qe8 11. e4 e5 12. a4 Qh5 13. Ba3 fxe4 14. Ne1 Bg4 15.
Rdb1 exd4 16. Bxe4 dxc3 17. Rxb7 Nd4 18. Qd3 Ne2+ 19. Kh1 Rxf2 20. Qd5+ Qxd5
21. Bxd5+ Kh8 22. Rxc7 Rf1+ 23. Kg2 Raf8 0-1

[Event "14. Open de la Constitución 2013"]
[Site "San Sebastian de los Reyes ES"]
[Date "2013.12.04"]
[Round "5.8"]
[White "Perez Del Amo, Jorge"]
[Black "Bustos Serrano, Doroteo"]
[Result "1-0"]
[WhiteElo "1847"]
[BlackElo "2055"]
[PlyCount "77"]
[EventDate "2013.11.30"]
[EventType "swiss"]
[EventRounds "9"]
[EventCountry "ESP"]
[Source "lmi"]
[SourceDate "2013.11.30"]

1. Nf3 b5 2. d4 e6 3. g3 Bb7 4. Bg2 c5 5. b3 cxd4 6. Qxd4 Nc6 7. Qd1 Nf6 8. O-O
Be7 9. Bb2 O-O 10. Nbd2 Rc8 11. c4 a6 12. cxb5 axb5 13. Nd4 Qb6 14. Nxc6 Bxc6
15. Bxc6 Rxc6 16. Rc1 Rfc8 17. Rxc6 Rxc6 18. a3 Qc7 19. Qb1 Ng4 20. Rc1 Qa7 21.
e3 Nxe3 22. b4 Ng4 23. Rf1 Bf6 24. Bxf6 Nxf6 25. Qd3 Qa6 26. Re1 Rd6 27. Qc2
Rc6 28. Qd3 Nd5 29. Ne4 d6 30. g4 h6 31. h3 Rc4 32. Qg3 Rc6 33. Qd3 Qb6 34. Qg3
e5 35. Qd3 Nf4 36. Qb3 Rc4 37. Qf3 Qc6 38. Kh2 Rd4 39. Nf6+ 1-0

[Event "14. Open de la Constitución 2013"]
[Site "San Sebastian de los Reyes ES"]
[Date "2013.12.04"]
[Round "5.9"]
[White "Aziz Ortego, Omar Luis"]
[Black "Largo Barbero, Benito"]
[Result "1-0"]
[WhiteElo "2037"]
[BlackElo "1920"]
[PlyCount "53"]
[EventDate "2013.11.30"]
[EventType "swiss"]
[EventRounds "9"]
[EventCountry "ESP"]
[Source "lmi"]
[SourceDate "2013.11.30"]

1. c4 Nf6 2. Nc3 Nc6 3. e4 e5 4. Nf3 a6 5. a3 Bc5 6. Rb1 d6 7. Be2 Ne7 8. b4
Ba7 9. d3 Ng6 10. g3 h6 11. O-O Bh3 12. Re1 Ng4 13. d4 O-O 14. Nd5 f5 15. exf5
exd4 16. Nxd4 N6e5 17. Nf4 Nxf2 18. Kxf2 Bxf5 19. Rb2 g5 20. c5 gxf4 21. Bxf4
dxc5 22. Nxf5 Rxf5 23. Rd2 Qf6 24. Kg2 Rf8 25. Bxe5 Rf2+ 26. Kh3 Qc6 27. Bc4+
1-0

[Event "14. Open de la Constitución 2013"]
[Site "San Sebastian de los Reyes ES"]
[Date "2013.12.04"]
[Round "5.10"]
[White "Esquivias Gomez, Francisco J"]
[Black "Montiel Miguelez, Manuel"]
[Result "1-0"]
[WhiteElo "1978"]
[BlackElo "1906"]
[PlyCount "101"]
[EventDate "2013.11.30"]
[EventType "swiss"]
[EventRounds "9"]
[EventCountry "ESP"]
[Source "lmi"]
[SourceDate "2013.11.30"]

1. e4 c5 2. Nc3 d6 3. f4 Nc6 4. Bb5 Bd7 5. Nf3 e6 6. Bxc6 Bxc6 7. O-O Nf6 8. d3
Be7 9. Qe1 O-O 10. Kh1 Kh8 11. e5 Nd5 12. Ne4 Rc8 13. a3 Qc7 14. b3 b5 15. Bb2
c4 16. dxc4 bxc4 17. bxc4 Nb6 18. exd6 Bxd6 19. Nxd6 Qxd6 20. Qc3 f6 21. c5
Qxf4 22. cxb6 Bb5 23. Qd4 Qxd4 24. Nxd4 Bxf1 25. Rxf1 e5 26. b7 Rb8 27. Ne6
Rfe8 28. Nc5 Red8 29. a4 Rd5 30. Ba3 h6 31. h3 Rxc5 32. Bxc5 Rxb7 33. c3 a5 34.
Rd1 Rc7 35. Rd5 Kg8 36. Kg1 Kf7 37. Kf2 Rc6 38. Ke3 Ke6 39. c4 f5 40. Kd3 h5
41. Ba3 g5 42. Rxa5 g4 43. hxg4 hxg4 44. Rb5 f4 45. a5 Kf5 46. Bb2 Re6 47. Rd5
g3 48. Ke2 Ke4 49. Rxe5+ Rxe5 50. Bxe5 Kxe5 51. Kf3 1-0

[Event "14. Open de la Constitución 2013"]
[Site "San Sebastian de los Reyes ES"]
[Date "2013.12.04"]
[Round "5.11"]
[White "Fernandez Aransay, Fernando"]
[Black "Ruiz Sanchez, Roberto"]
[Result "1-0"]
[WhiteElo "1860"]
[BlackElo "1972"]
[PlyCount "68"]
[EventDate "2013.11.30"]
[EventType "swiss"]
[EventRounds "9"]
[EventCountry "ESP"]
[Source "lmi"]
[SourceDate "2013.11.30"]

1. e4 c6 2. d4 d5 3. exd5 cxd5 4. Bd3 Nc6 5. c3 Nf6 6. Bf4 Bg4 7. Qb3 Qc8 8.
Nd2 e6 9. Ngf3 Be7 10. O-O O-O 11. Qc2 Bh5 12. Ne5 Bg6 13. Nxg6 hxg6 14. Nf3
Nh5 15. Be5 a6 16. Qd2 b5 17. Rac1 Qb7 18. g4 Nf6 19. Qf4 Rad8 20. h4 Ne4 21.
Bxe4 Nxe5 22. Bxd5 Qxd5 23. dxe5 Qxa2 24. h5 Qxb2 25. h6 Rd3 26. Kg2 Rxc3 27.
Rcd1 Rc4 28. Nd4 g5 29. Qe3 gxh6 30. Rh1 Rc3 31. Qe4 Kg7 32. Rxh6 Rg8 33. Rh7+
Kf8 34. Qa8+ Bd8 1-0

[Event "14. Open de la Constitución 2013"]
[Site "San Sebastian de los Reyes ES"]
[Date "2013.12.04"]
[Round "5.12"]
[White "Camarero Izquierdo, Juan Carlos"]
[Black "Serrano Martinez, Francisco Jose"]
[Result "1-0"]
[WhiteElo "1845"]
[BlackElo "1951"]
[PlyCount "87"]
[EventDate "2013.11.30"]
[EventType "swiss"]
[EventRounds "9"]
[EventCountry "ESP"]
[Source "lmi"]
[SourceDate "2013.11.30"]

1. d4 Nf6 2. Nc3 d5 3. Bg5 Nbd7 4. Nf3 c5 5. dxc5 e6 6. e4 Bxc5 7. e5 h6 8.
exf6 hxg5 9. fxg7 Rg8 10. Qe2 g4 11. Nd2 Qg5 12. O-O-O Rxg7 13. h4 Qe5 14. Qb5
a6 15. Qa4 Qd4 16. Bc4 dxc4 17. Nde4 b5 18. Qa5 Qe5 19. Rhe1 Qf4+ 20. Kb1 Bb7
21. Rxd7 Kxd7 22. Nxc5+ Kc6 23. N3e4 Qe5 24. Rd1 f5 25. Rd6+ Qxd6 26. Nxd6 Kxc5
27. Qc3 Rd7 28. Nxb7+ Kb6 29. a4 Kxb7 30. Qe3 Rd6 31. Qe5 Kc6 32. h5 Re8 33. h6
Rd1+ 34. Ka2 Rh1 35. Qg7 Kd6 36. h7 bxa4 37. Ka3 Rb8 38. Qd4+ Kc7 39. Qxc4+ Kd7
40. Qd4+ Kc6 41. Qxa4+ Kb6 42. Qd7 Ka5 43. Qc7+ Rb6 44. b4+ 1-0

[Event "14. Open de la Constitución 2013"]
[Site "San Sebastian de los Reyes ES"]
[Date "2013.12.04"]
[Round "5.13"]
[White "Martinez De Navascues, Francisco"]
[Black "Martinez Montalvo, Eduardo"]
[Result "1-0"]
[WhiteElo "1656"]
[BlackElo "1846"]
[PlyCount "56"]
[EventDate "2013.11.30"]
[EventType "swiss"]
[EventRounds "9"]
[EventCountry "ESP"]
[Source "lmi"]
[SourceDate "2013.11.30"]

1. d3 f5 2. Nf3 Nf6 3. Nc3 d6 4. e4 e5 5. exf5 Bxf5 6. Bg5 Be7 7. Bxf6 Bxf6 8.
Qe2 Nc6 9. Nd5 Rf8 10. c3 Be6 11. Qe4 g6 12. h4 Bf5 13. Qe3 Bg7 14. h5 Qd7 15.
hxg6 Bxg6 16. Ng5 h6 17. Ne6 Rc8 18. Nxf8 Kxf8 19. Qf3+ Qf7 20. Qxf7+ Kxf7 21.
Be2 Ke6 22. Bg4+ Kxd5 23. Bxc8 Nd8 24. Rh3 Bf7 25. Rg3 Bf6 26. Rf3 Bg5 27.
Bxb7+ Kc5 28. b4+ Kb6 1-0

[Event "14. Open de la Constitución 2013"]
[Site "San Sebastian de los Reyes ES"]
[Date "2013.12.04"]
[Round "5.14"]
[White "Minguela Muñoz, Bienvenido"]
[Black "Soto Martin, Miguel"]
[Result "1-0"]
[WhiteElo "1817"]
[BlackElo "1637"]
[PlyCount "85"]
[EventDate "2013.11.30"]
[EventType "swiss"]
[EventRounds "9"]
[EventCountry "ESP"]
[Source "lmi"]
[SourceDate "2013.11.30"]

1. Nf3 Nf6 2. c4 g6 3. d4 Bg7 4. Nc3 O-O 5. e4 d6 6. Be2 e5 7. dxe5 dxe5 8.
Qxd8 Rxd8 9. Bg5 Re8 10. Nb5 Na6 11. Nd2 c6 12. Nd6 Rd8 13. Nxc8 Raxc8 14. a3
Rxd2 15. Bxd2 Nxe4 16. Be3 b6 17. f3 Nec5 18. Rd1 Kf8 19. b4 Nb3 20. c5 b5 21.
O-O Nd4 22. Bd3 Nc7 23. f4 Nd5 24. Bxd4 exd4 25. Rf3 Ne3 26. Re1 Re8 27. h3 f5
28. Kf2 Kf7 29. Ra1 Ke6 30. a4 a6 31. axb5 axb5 32. Ra6 Kd5 33. Ra7 Rg8 34.
Rd7+ Ke6 35. Rd6+ Ke7 36. Rxc6 Nd1+ 37. Kg1 Nc3 38. Ra6 Kd7 39. Rf1 Bh6 40.
Ra7+ Kc6 41. Rxh7 Bg7 42. Re1 Nd5 43. Re6+ 1-0

[Event "14. Open de la Constitución 2013"]
[Site "San Sebastian de los Reyes ES"]
[Date "2013.12.04"]
[Round "5.15"]
[White "Perez Gonzalez, Jesus Miguel"]
[Black "Igea Benito, Angel"]
[Result "1-0"]
[WhiteElo "1810"]
[BlackElo "1583"]
[PlyCount "111"]
[EventDate "2013.11.30"]
[EventType "swiss"]
[EventRounds "9"]
[EventCountry "ESP"]
[Source "lmi"]
[SourceDate "2013.11.30"]

1. g3 Nf6 2. Bg2 g6 3. Nf3 Bg7 4. O-O O-O 5. d3 d6 6. e4 c5 7. Nbd2 Nc6 8. Nc4
Bg4 9. Ne3 Qd7 10. Qe1 Bh3 11. c3 Bxg2 12. Nxg2 Nh5 13. Be3 f5 14. Qd1 fxe4 15.
dxe4 Nf6 16. Ng5 h6 17. Nf3 Nxe4 18. Qd5+ Kh7 19. Qxe4 d5 20. Rad1 dxe4 21.
Ng5+ hxg5 22. Rxd7 Bf6 23. Bxc5 b6 24. Be3 Ne5 25. Rd5 Nf3+ 26. Kh1 Kg7 27. Ne1
Rh8 28. h4 Nxh4 29. gxh4 Rxh4+ 30. Kg1 Rah8 31. f3 Rh1+ 32. Kf2 R1h2+ 33. Ng2
exf3 34. Kxf3 R8h3+ 35. Kf2 g4 36. Bd4 Rf3+ 37. Kg1 Bxd4+ 38. Rxd4 Rfh3 39.
Rxg4 Rh8 40. Re4 Rh1+ 41. Kf2 Rf8+ 42. Rf4 Rxf4+ 43. Nxf4 Rh2+ 44. Ng2 Rh5 45.
Ke2 a5 46. Ne3 Rb5 47. b3 a4 48. c4 Ra5 49. b4 Re5 50. Kd3 Rg5 51. Rf3 Rh5 52.
Rg3 e6 53. Ng4 Rg5 54. Rg2 Kf8 55. Ne3 Rxg2 56. Nxg2 1-0

[Event "14. Open de la Constitución 2013"]
[Site "San Sebastian de los Reyes ES"]
[Date "2013.12.04"]
[Round "5.16"]
[White "Garcia Lopez, Fernando"]
[Black "Tronch Ilzarbe, Carlos Maria"]
[Result "1/2-1/2"]
[WhiteElo "1626"]
[BlackElo "1753"]
[PlyCount "98"]
[EventDate "2013.11.30"]
[EventType "swiss"]
[EventRounds "9"]
[EventCountry "ESP"]
[Source "lmi"]
[SourceDate "2013.11.30"]

1. e4 c5 2. Nf3 d6 3. d4 cxd4 4. Nxd4 Nf6 5. Nc3 a6 6. Bg5 e6 7. f4 Be7 8. Qf3
Qc7 9. O-O-O h6 10. Bh4 Nbd7 11. Bd3 g5 12. fxg5 Ne5 13. Qe2 Nfg4 14. h3 hxg5
15. Bg3 Nxd3+ 16. Qxd3 Ne5 17. Bxe5 dxe5 18. Nf3 Bd7 19. Qe3 Rg8 20. Kb1 Bc5
21. Qe2 O-O-O 22. Nh2 Bd4 23. Qf3 Bxc3 24. Qxc3 Qxc3 25. bxc3 f5 26. Nf3 Bc6
27. Rxd8+ Rxd8 28. Nxg5 Bxe4 29. Nxe4 fxe4 30. Re1 Rg8 31. g4 Rh8 32. Rxe4 Rxh3
33. Kb2 Kd7 34. Rxe5 Rg3 35. Re4 Kd6 36. c4 b5 37. cxb5 axb5 38. a4 Kd5 39. Rb4
bxa4 40. Rxa4 e5 41. c3 e4 42. c4+ Kc5 43. g5 e3 44. Kc3 e2+ 45. Kd2 Re3 46.
Ra1 Kd4 47. Rg1 Re6 48. g6 e1=Q+ 49. Rxe1 Rxg6 1/2-1/2

[Event "14. Open de la Constitución 2013"]
[Site "San Sebastian de los Reyes ES"]
[Date "2013.12.04"]
[Round "5.17"]
[White "Cavalle Pulla, Daniel"]
[Black "Neila Ausin, Eva"]
[Result "1-0"]
[WhiteElo "1985"]
[BlackElo "1758"]
[PlyCount "95"]
[EventDate "2013.11.30"]
[EventType "swiss"]
[EventRounds "9"]
[EventCountry "ESP"]
[Source "lmi"]
[SourceDate "2013.11.30"]

1. e4 c5 2. Nf3 e6 3. d4 cxd4 4. Nxd4 Nf6 5. Nc3 d6 6. Be2 a6 7. O-O Be7 8. Nb3
Qc7 9. Bf4 Nc6 10. Rc1 b5 11. Bf3 Bb7 12. Bg3 O-O 13. Qe2 Rfe8 14. Rfd1 Rad8
15. Nc5 Bc8 16. a3 Ne5 17. Bxe5 Qxc5 18. Bd4 Qc7 19. Be3 Nd7 20. Nb1 Ne5 21.
Nd2 Bb7 22. c4 bxc4 23. Nxc4 Nxf3+ 24. gxf3 Qb8 25. Nb6 d5 26. Qc2 dxe4 27.
fxe4 Rxd1+ 28. Rxd1 Qe5 29. f3 Bg5 30. Bf2 Qb5 31. Rd7 Qc6 32. Qd3 h6 33. Kg2
Bf6 34. b3 Be5 35. Nc4 Bc7 36. Bg3 e5 37. Ne3 Bc8 38. Rd5 Be6 39. Bxe5 Bxd5 40.
exd5 Qc5 41. Bd4 Qxa3 42. Nf5 Qa2+ 43. Bf2 Bxh2 44. d6 Re6 45. Ne7+ Kh8 46. d7
Bc7 47. d8=Q+ Bxd8 48. Qxd8+ 1-0

[Event "14. Open de la Constitución 2013"]
[Site "San Sebastian de los Reyes ES"]
[Date "2013.12.04"]
[Round "5.18"]
[White "Rodriguez Anton, Jose Miguel"]
[Black "Sacristan Virseda, Fernando"]
[Result "0-1"]
[WhiteElo "1761"]
[BlackElo "1941"]
[PlyCount "62"]
[EventDate "2013.11.30"]
[EventType "swiss"]
[EventRounds "9"]
[EventCountry "ESP"]
[Source "lmi"]
[SourceDate "2013.11.30"]

1. e4 c5 2. Nf3 e6 3. d4 cxd4 4. Nxd4 Nf6 5. Nc3 Nc6 6. Bg5 h6 7. Bh4 Bb4 8.
Nxc6 bxc6 9. e5 Qa5 10. exf6 Bxc3+ 11. bxc3 Qxc3+ 12. Qd2 Qxa1+ 13. Qd1 Qe5+
14. Qe2 gxf6 15. Qxe5 fxe5 16. Bf6 Rg8 17. Bxe5 Ke7 18. g3 d6 19. Bc3 Rb8 20.
Be2 Rb1+ 21. Bd1 Rg5 22. f4 Rd5 23. Bd2 Ba6 24. Rg1 Bc4 25. a4 Rd4 26. c3 Re4+
27. Kf2 Rb2 28. Kf3 Bd5 29. Be3 f5 30. Be2 Rxa4+ 31. Kf2 Raa2 0-1